LIBRARY & INFORMATION CENTRE, KCAET, TAVANUR

ONLINE PUBLIC ACCESS CATALOGUE (OPAC)

Fundamentals of Food process Engineering (Record no. 14199)

MARC details
000 -LEADER
fixed length control field 00310nam a22001337a 4500
020 ## - INTERNATIONAL STANDARD BOOK NUMBER
ISBN 9788184898583
082 ## - DEWEY DECIMAL CLASSIFICATION NUMBER
Classification number 664.02
Item number TOL/FD
100 ## - MAIN ENTRY--AUTHOR NAME
Personal name Toledo, Romeo. T
245 ## - TITLE STATEMENT
Title Fundamentals of Food process Engineering
250 ## - EDITION STATEMENT
Edition statement 3
260 ## - PUBLICATION, DISTRIBUTION, ETC. (IMPRINT)
Place of publication New Delhi
Name of publisher Springer
Year of publication 2011
300 ## - PHYSICAL DESCRIPTION
Number of Pages 579
942 ## - ADDED ENTRY ELEMENTS (KOHA)
Koha item type Books

No items available.

free website counter